Statistics for Rainbow colors

Click here to take the quiz!

General Stats

  • This quiz has been taken 15 times
  • The average score is 7 of 7

Answer Stats

HintAnswer% Correct
WINTERBLUE
100%
George WGREEN
100%
CUTIEORANGE
100%
TAYLOR SWIFTRED
100%
HOURYELLOW
100%
SKIESVIOLET
92%
letsGOINDIGO
85%

Score Distribution

Percentile by Number Answered

Percent of People with Each Score

Your Score History

You have not taken this quiz